| Поле | Название | Значение |
| |
Тип записи |
a |
| |
Библиографический уровень |
m |
| 001 |
Контрольный номер |
RU/ГПНТБ России/IBIS/84(7Сое)/В 88-513660452 |
| 005 |
Дата корректировки |
20260615155658.2 |
| 010 |
Индекс ISBN |
__ |
| a |
ISBN |
978-5-04-208276-4 |
| b |
Уточнения |
в пер. |
| 9 |
Тираж |
4000 |
| 100 |
Данные общей обработки |
__ |
| a |
Данные общей обработки |
20260615d2025 ma y0rusy0250 |
| 101 |
Язык документа |
1_ |
| a |
Язык текста |
rus |
| c |
Язык оригинала |
eng |
| 102 |
Страна публикации |
__ |
| a |
Страна публикации |
RU |
| 105 |
Кодированные данные (монография) |
__ |
| a |
Кодированные данные (монография) |
y zz 000zy |
| 181 |
Поле кодированных данных: вид содержания |
_0 |
| a |
Код вида содержания (ISBD) |
i |
| b |
Код характеристики содержания (ISBD) |
e |
| 182 |
Поле кодированных данных: тип средства |
_0 |
| a |
Код типа средства (ISBD) |
n |
| 200 |
Заглавие и сведения об ответственности |
1_ |
| a |
Заглавие |
Американская история любви |
| e |
Сведения, относящиеся к заглавию |
рискнуть всем ради возможности быть вместе |
| f |
Первые сведения об ответственности |
Илион Ву |
| g |
Последующие сведения об ответственности |
перевод с английского Н. Власовой |
| 203 |
Вид содержания и тип средства |
__ |
| c |
Тип средства |
непосредственный |
| a |
Вид содержания |
Текст |
| b |
Характеристика содержания |
визуальный |
| 210 |
Выходные данные |
1_ |
| a |
Место издания |
Москва |
| c |
Издательство |
Бомбора |
| c |
Издательство |
Эксмо |
| d |
Дата издания |
2025 |
| 215 |
Физическое описание |
__ |
| a |
Объем |
379, [1] с. |
| d |
Формат |
22 см |
| 225 |
Серия |
2_ |
| a |
Серия |
Бомбора Story |
| 320 |
Библиография |
__ |
| a |
Библиография |
Библиография в подстрочных примечаниях |
| 333 |
Примечание о целевом назначении |
__ |
| a |
Примечание о целевом назначении |
информационная продукция для детей, достигших возраста шестнадцати лет |
| 333 |
Примечание о целевом назначении |
__ |
| a |
Примечание о целевом назначении |
для взрослых, общего характера |
| 333 |
Примечание о целевом назначении |
__ |
| a |
Примечание о целевом назначении |
для юношества, общего характера |
| 454 |
Оригинал |
_0 |
| 1 |
|
700 1 |
| a |
|
Woo |
| g |
|
Ilyon |
| 1 |
|
2001 |
| a |
|
Master Slave Husband Wife |
| f |
|
Ilyon Woo |
| 517 |
Другие варианты заглавия |
1_ |
| a |
Другие варианты заглавия |
Бомбора Стори |
| 517 |
Другие варианты заглавия |
1_ |
| a |
Другие варианты заглавия |
Рискнуть всем ради возможности быть вместе |
| 610 |
Ключевые слова |
1_ |
| a |
Ключевые слова |
американские рабы |
| 686 |
Индексы других классификаций |
__ |
| 2 |
Код системы |
rubbk |
| a |
Классификационный индекс |
84(7Сое) |
| 700 |
Автор |
_1 |
| a |
Фамилия |
Ву |
| b |
Имя |
И. |
| g |
Полное личное имя |
Илион |
| 4 |
Код отношения |
070 |
| 702 |
Вторичная интеллектуальная ответственность |
_1 |
| a |
Фамилия |
Новикова |
| b |
Имя |
Т. О. |
| 4 |
Код отношения |
730 |
| 801 |
Источник записи |
_0 |
| b |
Организация |
ГПНТБ России |
| a |
Страна |
RU |
| c |
Дата составления |
20260615 |
| 801 |
Источник записи |
_1 |
| b |
Организация |
ГПНТБ России |
| a |
Страна |
RU |
| c |
Дата составления |
20260615 |
| 852 |
Данные о местонахождении |
5_ |
| a |
Наименование организации |
ГПНТБ России |
| m |
Суффикс шифра хранения |
106156 |
| b |
Сигла хранения |
ЦГБ |
| p |
Инвентарный номер |
RU |
| 899 |
Данные о местонахождении |
__ |
| a |
Местонахождение |
ГПНТБ России |
| p |
Штрих-код |
106156 |
| b |
Место хранения |
ЦГБ |
| h |
Классификационная часть РШ |
84(7Сое) |
| i |
Авторский знак |
В 88 |
| 901 |
Тип документа |
__ |
| a |
Ответственный |
заим. |